Necesidades de agua y bases para la determinación del consumo diario en Pedro Luro (Buenos Aires) /
Guardado en:
| Autor Principal: | |
|---|---|
| Formato: | Libro |
| Idioma: | Spanish |
| Publicado: |
Bahía Blanca :
Instituto de Edafología e Hidrología,
1965.
|
| Series: | Publicaciones del Instituto de Edafología e Hidrología ;
nº 7 |
| Etiquetas: |
Agregar Etiqueta
Sin Etiquetas, Sea el primero en etiquetar este registro!
|
| LEADER | 00601nam a22001455a 4500 | ||
|---|---|---|---|
| 001 | EEA.libagro001967 | ||
| 008 | 130809s1965####ag#a##########000#0#spa#d | ||
| 005 | 20191028113928.0 | ||
| 245 | 1 | 0 | |a Necesidades de agua y bases para la determinación del consumo diario en Pedro Luro (Buenos Aires) / |c Jorge A. Luque. |
| 260 | |a Bahía Blanca : |b Instituto de Edafología e Hidrología, |c 1965. | ||
| 300 | |a 15 p. : |b il. ; |c 23 cm. | ||
| 490 | 1 | |a Publicaciones del Instituto de Edafología e Hidrología ; |v nº 7 | |
| 100 | 1 | |a Luque, Jorge Alfredo. | |
| 082 | 0 | 4 | |a 631.7 |
| 859 | |a AR-BbBCA |b BIB. AGRONOMIA |h 631.7 |i L966-10 |p 1974/0071 | ||
